000 004780000a22001570004500
003 LK-CoMWRAF
008 230817t ||||| |||| 00| 0 eng d
020 _a955980074X
040 _aLK-CoMWRAF
_dLK-CoMWRAF
_eLK-CoMWRAF
041 _aeng
100 _aSumathy, Sivamohan
245 _aThin Veils
_bIn the Shadow of the Gun and the wicked witch(Performing act/ivism)
260 _bInternational Centre for Ethnic Studies
_aSri Lanka(Colombo)
_c2003
300 _ap.64
942 _cBK
999 _c835
_d835